The visitor (all lyrics) Sienna Spiro - Statistics

General Stats
  • This quiz has been taken 9 times
  • The average score is 18 of 36
Answer Stats
Hint Answer % Correct
say I'll that be I
78%
me mm I'm your holding
67%
expire me to the love no
67%
I for you night me know
67%
say in all arms me
67%
mine temporary remembered holding say no
67%
know the say for say I'll
67%
all you're somethin me that no
67%
things holding special for you no
67%
stay some forget if you a
67%
won't for won't pleasure all be
56%
always I'm be you're arms no
56%
to all always are back arms
56%
you night you some I'm always
56%
that be love visitor I'm
56%
hours I want I'm in a
56%
I if but all in in
56%
say always you a know
56%
to know say always mind
56%
you are then I'll my
56%
but pleasure me that's need visitor
56%
inspire we do know of
56%
you a me mm temporary
56%
seem that's you we the your
56%
you're know to temporary your visitor
56%
love visitor say in you're
56%
lay all arms need mm the
33%
on you it's in no night
22%
towers need in the no for
22%
on in my back no some
22%
rented the nature of no pleasure
22%
time back to my no know
22%
I'm of be mind no I'll
22%
yours my cynical I no always
22%
for mind I know no be
22%
we I'm your you oh for
11%
No matching quizzes found
Score Distribution
Percent of People with Each Score
Percentile by Number Answered
Your Score History
You have not taken this quiz